[Event "Al-Ain Classic Open A 2013"]
[Site "Al-Ain UAE"]
[Date "2013.12.19"]
[Round "1.2"]
[White "Pourkashiyan, Atousa"]
[Black "Amin, Bassem"]
[Result "1/2-1/2"]
[WhiteTitle "WGM"]
[BlackTitle "GM"]
[WhiteElo "2334"]
[BlackElo "2654"]
[WhiteFideId "12502014"]
[BlackFideId "10601457"]
[EventDate "2013.12.19"]

1. e4 e5 2. Nf3 Nc6 3. Bb5 a6 4. Ba4 Nf6 5. O-O Nxe4 6. d4 b5 7. Bb3 d5 8. dxe5
Be6 9. Nbd2 Nc5 10. c3 Be7 11. Bc2 O-O 12. Re1 d4 13. cxd4 Nxd4 14. Nxd4 Qxd4
15. Nf3 Qxd1 16. Rxd1 Rad8 17. Nd4 Bg4 18. f3 Ne6 19. Nc6 Bc5+ 20. Kf1 Rxd1+ 21.
Bxd1 Bf5 22. a4 Nd4 23. Be3 Bd3+ 24. Kf2 Nxc6 25. Bxc5 Rb8 26. Ke3 Bc4 27. f4
Bd5 28. Bf3 Bxf3 29. Kxf3 g6 30. b4 a5 31. bxa5 Nxa5 32. Rb1 c6 33. Bd6 Rb7 34.
axb5 Rxb5 35. Rxb5 cxb5 36. Ke4 Nc4 37. Bc5 Kg7 38. Kd5 h5 39. Kc6 b4 40. Bxb4
Ne3 41. g3 Nf1 42. Bc3 Kf8 43. Kd7 Nxh2 44. e6 fxe6 45. Kxe6 Kg8 1/2-1/2

[Event "Al-Ain Classic Open A 2013"]
[Site "Al-Ain UAE"]
[Date "2013.12.19"]
[Round "1.3"]
[White "Khatanbaatar, Bazar"]
[Black "Filippov, Anton UZB"]
[Result "1-0"]
[WhiteTitle "GM"]
[BlackTitle "GM"]
[WhiteElo "2329"]
[BlackElo "2634"]
[WhiteFideId "4900332"]
[BlackFideId "14200988"]
[EventDate "2013.12.19"]

1. e4 e5 2. Nf3 Nc6 3. d4 exd4 4. Nxd4 Nf6 5. Nc3 Bb4 6. Nxc6 bxc6 7. Bd3 d5 8.
exd5 cxd5 9. O-O O-O 10. Bg5 c6 11. h3 h6 12. Bf4 Bd6 13. Qf3 Rb8 14. b3 Be6 15.
Ne2 c5 16. Rad1 a5 17. Ng3 a4 18. Rfe1 Bxf4 19. Qxf4 Rb4 20. Qf3 Qc7 21. c3 Rf4
22. Qe2 Rb8 23. Qc2 Qc8 24. Re5 axb3 25. axb3 Rb6 26. Qd2 Rh4 27. Nf5 Bxf5 28.
Bxf5 Qb8 29. Rxd5 Nxd5 30. Qxd5 g6 31. Qxc5 Rh5 32. Qe7 Rxf5 33. Rd8+ Kh7 34.
Rxb8 Rxb8 35. g4 Rfb5 36. Qxf7+ Kh8 37. Qxg6 R5b6 38. Qh5 Rxb3 39. Qxh6+ Kg8 40.
Qe6+ Kg7 41. Qe5+ Kh7 42. Kg2 R3b6 43. c4 1-0

[Event "Al-Ain Classic Open A 2013"]
[Site "Al-Ain UAE"]
[Date "2013.12.19"]
[Round "1.4"]
[White "Miroshnichenko, Evgenij"]
[Black "Sarwat, Walaa"]
[Result "1-0"]
[WhiteTitle "GM"]
[BlackTitle "IM"]
[WhiteElo "2626"]
[BlackElo "2315"]
[WhiteFideId "14102595"]
[BlackFideId "10600256"]
[EventDate "2013.12.19"]

1. e4 e5 2. Nf3 Nc6 3. Bc4 Bc5 4. O-O Nf6 5. d3 d6 6. c3 h6 7. Nbd2 a6 8. Bb3
O-O 9. Re1 Ng4 10. Re2 Kh8 11. Nf1 f5 12. exf5 Bxf5 13. d4 exd4 14. cxd4 Ba7 15.
h3 Nf6 16. Ng3 Bh7 17. d5 Ne5 18. Nd4 Qd7 19. Ne6 Rf7 20. Be3 Bd3 21. Re1 Bh7
22. Bxa7 Rxa7 23. Qd4 Ra8 24. f4 Nd3 25. Re3 Qb5 26. Bc4 Qxb2 27. Rxd3 1-0

[Event "Al-Ain Classic Open A 2013"]
[Site "Al-Ain UAE"]
[Date "2013.12.19"]
[Round "1.5"]
[White "Salih, Akar Ali Salih"]
[Black "Oleksienko, Mikhailo"]
[Result "0-1"]
[WhiteTitle "FM"]
[BlackTitle "GM"]
[WhiteElo "2313"]
[BlackElo "2622"]
[WhiteFideId "4800575"]
[BlackFideId "4152417"]
[EventDate "2013.12.19"]

1. e4 c5 2. Nf3 e6 3. d3 Nc6 4. g3 g6 5. Bg2 Bg7 6. O-O Nge7 7. c3 e5 8. Be3 d6
9. d4 exd4 10. cxd4 Bg4 11. dxc5 dxc5 12. Nc3 Nd4 13. Qa4+ Nec6 14. Nd2 O-O 15.
h3 b5 16. Nxb5 Be2 17. Nc4 Nxb5 18. Qxb5 Ne5 19. Rfc1 Bxc4 20. Rxc4 Nxc4 21.
Qxc4 Bxb2 22. Rb1 Bd4 23. Rd1 Qb6 24. Rxd4 cxd4 25. Bxd4 Qe6 26. Qa4 Rfd8 27. e5
Qd7 28. Qxd7 Rxd7 29. Bxa8 Rxd4 30. Bc6 Rd1+ 31. Kg2 Rd2 32. e6 fxe6 33. a4 Kf7
34. Kf3 Ke7 35. Ke3 Ra2 36. h4 Kd6 37. Bb5 a5 38. g4 Rb2 39. Be8 Rb8 0-1

[Event "Al-Ain Classic Open A 2013"]
[Site "Al-Ain UAE"]
[Date "2013.12.19"]
[Round "1.6"]
[White "Kravtsiv, Martyn"]
[Black "Elarbi, Abobker"]
[Result "1-0"]
[WhiteTitle "GM"]
[BlackTitle "FM"]
[WhiteElo "2617"]
[BlackElo "2295"]
[WhiteFideId "14113147"]
[BlackFideId "9200355"]
[EventDate "2013.12.19"]

1. e4 e5 2. Nf3 Nc6 3. Bb5 a6 4. Ba4 Nf6 5. O-O Nxe4 6. d4 b5 7. Bb3 d5 8. dxe5
Be6 9. c3 Be7 10. Be3 O-O 11. Re1 Qd7 12. Nbd2 Nxd2 13. Bxd2 Rad8 14. Nd4 Nxd4
15. cxd4 c5 16. dxc5 Bxc5 17. Bg5 Rc8 18. Qd3 Be7 19. Be3 Bb4 20. Red1 Qc7 21.
f4 g6 22. Bxd5 Rfd8 23. Rac1 Qxc1 24. Rxc1 Rxc1+ 25. Bxc1 Rxd5 26. Qe2 Bc5+ 27.
Be3 Bxe3+ 28. Qxe3 Rd1+ 29. Kf2 Bxa2 30. b3 Rb1 31. e6 fxe6 32. Qxe6+ Kg7 33.
Qe7+ Kg8 34. Qd6 Kg7 35. Qc7+ Kh6 36. Qc2 Rxb3 37. Qxa2 Rb4 38. Qf7 1-0

[Event "Al-Ain Classic Open A 2013"]
[Site "Al-Ain UAE"]
[Date "2013.12.19"]
[Round "1.7"]
[White "Safranska, Anda"]
[Black "Pashikian, Arman"]
[Result "0-1"]
[WhiteTitle "WGM"]
[BlackTitle "GM"]
[WhiteElo "2291"]
[BlackElo "2617"]
[WhiteFideId "11600209"]
[BlackFideId "13301578"]
[EventDate "2013.12.19"]

1. e4 e5 2. Bc4 Nf6 3. d3 Nc6 4. Nf3 Bc5 5. O-O O-O 6. c3 d6 7. a4 a6 8. Be3
Bxe3 9. fxe3 Ne7 10. Nbd2 c6 11. Bb3 Ng6 12. a5 d5 13. exd5 cxd5 14. h3 b6 15.
axb6 Qxb6 16. d4 Bd7 17. Rf2 Rfe8 18. Ne1 Qd6 19. Bc2 e4 20. Nf1 Rec8 21. Ba4
Be6 22. Qe2 Nd7 23. Bd1 f5 24. Qd2 Rf8 25. Bh5 Nb6 26. g3 Bd7 27. Ng2 Bb5 28.
Be2 Ne7 29. b3 g5 30. Bxb5 axb5 31. Rxa8 Nxa8 32. Qe2 Nc7 33. Qh5 h6 34. Kh2 Kg7
35. Qe2 Qc6 36. Qb2 Qd6 37. Qe2 Qc6 38. Qb2 Ra8 39. Rc2 Qd6 40. Rf2 Ne6 41. c4
Kg6 42. cxd5 Nxd5 43. Kg1 b4 44. Qe2 Nf6 45. Qb5 Nd5 46. Qe2 Nc3 47. Qc4 Ra1 48.
Kh2 Nd5 49. Nd2 h5 50. h4 Nf6 51. Rf1 Ra2 52. Qe2 Ng4+ 53. Kg1 Qxg3 0-1

[Event "Al-Ain Classic Open A 2013"]
[Site "Al-Ain UAE"]
[Date "2013.12.19"]
[Round "1.8"]
[White "Iordachescu, Viorel"]
[Black "Ameir, Moheb"]
[Result "1-0"]
[WhiteTitle "GM"]
[BlackTitle "IM"]
[WhiteElo "2614"]
[BlackElo "2287"]
[WhiteFideId "13900200"]
[BlackFideId "10600620"]
[EventDate "2013.12.19"]

1. c4 e5 2. g3 Nc6 3. Bg2 Nf6 4. Nc3 Bb4 5. e3 Bxc3 6. bxc3 d6 7. d3 O-O 8. Ne2
Be6 9. e4 Nd7 10. O-O f5 11. exf5 Bxf5 12. Be3 Qe8 13. Rb1 Rb8 14. Rb2 Qh5 15.
f3 Qg6 16. Rd2 Rfe8 17. g4 Be6 18. h3 h5 19. Ng3 Nf6 20. Qe1 a6 21. g5 Nh7 22.
f4 exf4 23. Be4 Qxg5 24. Rxf4 Qa5 25. Nxh5 Ng5 26. Nxg7 Nxh3+ 27. Kh1 Nxf4 28.
Nxe8 Rxe8 29. Bxf4 Kf7 30. Qh4 Rg8 31. Re2 Qxc3 32. Qh7+ Qg7 33. Bg6+ Ke7 34.
Rxe6+ Kxe6 35. Qh3+ 1-0

[Event "Al-Ain Classic Open A 2013"]
[Site "Al-Ain UAE"]
[Date "2013.12.19"]
[Round "1.10"]
[White "Hejazipour, Mitra"]
[Black "Hovhannisyan, Robert"]
[Result "0-1"]
[WhiteTitle "WIM"]
[BlackTitle "GM"]
[WhiteElo "2274"]
[BlackElo "2597"]
[WhiteFideId "12505951"]
[BlackFideId "13302507"]
[EventDate "2013.12.19"]

1. d4 d5 2. Nf3 Nf6 3. c4 c6 4. e3 Bg4 5. h3 Bh5 6. Be2 e6 7. O-O Nbd7 8. b3 Ne4
9. Bb2 Bd6 10. Nbd2 f5 11. Ne5 Bxe2 12. Qxe2 O-O 13. Ndf3 Qe7 14. a3 a6 15. b4
Bxe5 16. dxe5 Nb6 17. cxd5 cxd5 18. Ne1 Nc4 19. Nd3 a5 20. Bd4 Rfc8 21. Rfd1 Qe8
22. f3 Ng5 23. Rdc1 Nf7 24. Kh2 Nd8 25. Nb2 axb4 26. axb4 Rxa1 27. Rxa1 Qb5 28.
Nxc4 dxc4 29. Qb2 b6 30. Bc3 Nc6 31. Rd1 Rd8 32. Rd6 Kf7 33. e4 fxe4 34. fxe4
Re8 35. Qd2 Kg8 36. Rd7 Nxe5 37. Rxg7+ Kxg7 38. Qg5+ Kf7 39. Bxe5 Re7 40. Qh5+
Kg8 41. Qg5+ Kf7 42. Qh6 Ke8 43. Bd6 Ra7 44. e5 c3 45. Qf8+ Kd7 46. Qe7+ Kc6 47.
Qxa7 Qc4 48. Qa8+ Kb5 49. Qe8+ Qc6 50. Qxc6+ Kxc6 51. Bf8 Kb5 52. Kg1 c2 53. Bh6
Kxb4 54. Kf2 b5 55. Ke2 Kc3 56. Bd2+ Kb2 57. h4 b4 58. h5 b3 59. h6 c1=Q 0-1

[Event "Al-Ain Classic Open A 2013"]
[Site "Al-Ain UAE"]
[Date "2013.12.19"]
[Round "1.12"]
[White "Abdulla, Khayala"]
[Black "Salem, A.R. Saleh"]
[Result "1-0"]
[WhiteTitle "WIM"]
[BlackTitle "GM"]
[WhiteElo "2260"]
[BlackElo "2564"]
[WhiteFideId "13401807"]
[BlackFideId "9301348"]
[EventDate "2013.12.19"]

1. e4 c5 2. Nf3 d6 3. d4 cxd4 4. Nxd4 Nf6 5. Nc3 g6 6. Be2 Bg7 7. O-O O-O 8. Re1
Nc6 9. Nb3 b6 10. Bf1 Bb7 11. Bg5 h6 12. Be3 Ne5 13. f3 Rc8 14. a4 a6 15. Qd2
Kh7 16. Qf2 Ned7 17. Rad1 Qc7 18. Qh4 e6 19. Nd2 Ne5 20. h3 g5 21. Qf2 Nfd7 22.
Nb3 Nc5 23. Nd4 Qe7 24. Bc1 Rfd8 25. Be2 Ng6 26. Bf1 Qe8 27. Nde2 Rb8 28. Be3
Be5 29. g3 Rdc8 30. Ra1 Qh8 31. Bg2 Rg8 32. Red1 Qf6 33. Bd4 Qe7 34. Rd2 Rbf8
35. Bxe5 Nxe5 36. Qd4 Rd8 37. b4 a5 38. bxa5 Nc6 39. Qf2 Nxa5 40. Rb1 Ba6 41.
Nd4 Ra8 42. Rdd1 Rgd8 43. Ndb5 Bxb5 44. Nxb5 Nab7 45. f4 gxf4 46. Qxf4 Nxa4 47.
Rf1 Rf8 48. e5 d5 49. c4 Nac5 50. cxd5 Ra4 51. Qe3 Qg5 52. Qxg5 hxg5 53. dxe6
Nxe6 54. Bxb7 Ra5 55. Bd5 Rxb5 56. Rxb5 Nc7 57. Bc4 1-0

[Event "Al-Ain Classic Open A 2013"]
[Site "Al-Ain UAE"]
[Date "2013.12.19"]
[Round "1.13"]
[White "Nameer, Noor. Al-Deen"]
[Black "Durarbayli, Vasif"]
[Result "0-1"]
[WhiteTitle "CM"]
[BlackTitle "GM"]
[WhiteElo "2246"]
[BlackElo "2559"]
[WhiteFideId "4801890"]
[BlackFideId "13402935"]
[EventDate "2013.12.19"]

1. Nf3 Nf6 2. c4 c5 3. g3 b6 4. Bg2 Bb7 5. O-O e6 6. Nc3 d6 7. d4 cxd4 8. Qxd4
Be7 9. b3 O-O 10. Bb2 a6 11. Rfd1 Qc7 12. Rac1 Nbd7 13. Qh4 Nc5 14. Nd4 Rac8 15.
Bxb7 Qxb7 16. f3 Rfe8 17. Rc2 Bf8 18. e4 d5 19. cxd5 exd5 20. exd5 Nxd5 21. Nxd5
Qxd5 22. Rcd2 g6 23. Qg4 Bh6 24. f4 Ne4 25. Rd3 Bg7 26. Qf3 Qc5 27. Qg2 Rcd8 28.
Kh1 Qd5 29. Rf1 Nf2+ 0-1

[Event "Al-Ain Classic Open A 2013"]
[Site "Al-Ain UAE"]
[Date "2013.12.19"]
[Round "1.14"]
[White "Baryshpolets, Andrey"]
[Black "Kazimova, Narmin"]
[Result "0-1"]
[WhiteTitle "GM"]
[BlackTitle "WIM"]
[WhiteElo "2557"]
[BlackElo "2238"]
[WhiteFideId "14117207"]
[BlackFideId "13402951"]
[EventDate "2013.12.19"]

1. d4 Nf6 2. c4 e6 3. Nf3 b6 4. g3 Ba6 5. b3 Bb4+ 6. Bd2 Be7 7. Bg2 c6 8. O-O d5
9. Qc2 Nbd7 10. Rd1 Rc8 11. Nc3 O-O 12. Bf4 Nh5 13. Bc1 Nhf6 14. e4 dxe4 15.
Nxe4 Nxe4 16. Qxe4 Bb7 17. Bf4 Nf6 18. Qc2 Bd6 19. Bxd6 Qxd6 20. c5 Qc7 21. Rac1
Rfd8 22. Ne5 Nd5 23. Nc4 Nb4 24. Qb1 Ba6 25. Nd6 Rb8 26. a3 Nd5 27. Qc2 Nf6 28.
b4 b5 29. Qe2 Ne8 30. Ne4 Rd7 31. Ng5 Bb7 32. Be4 Nf6 33. Bb1 Rbd8 34. Nf3 a5
35. Qb2 a4 36. Ne5 Re7 37. Qc2 Ree8 38. Rd2 g6 39. Re1 Kg7 40. Qd1 Nd5 41. Rd3
Bc8 42. Ba2 h5 43. Nf3 Kg8 44. Ng5 Nf6 45. Qe2 Qe7 46. h4 Rf8 47. Qf3 Bd7 48.
Qf4 Nd5 49. Qd2 Nf6 50. Rf3 Bc8 51. Qd3 Kg7 52. Qc3 Nd5 53. Qb2 f6 54. Ne4 Nc7
55. Bb1 Ne8 56. Qc3 Qd7 57. Qc2 f5 58. Ng5 Qxd4 59. Rxe6 Qd1+ 60. Kg2 Qxc2 61.
Bxc2 Rd2 62. Re7+ Kg8 63. Bd3 Nf6 64. Rc7 Rd8 65. Bf1 Bd7 66. Rd3 Rb2 67. Rd6
Rf8 68. Rxf6 Rxf6 69. Rxd7 f4 70. gxf4 Rb3 71. Rd6 Rxf4 72. Rxg6+ Kh8 73. f3
Rxa3 74. Rxc6 Rxb4 75. Rd6 Rc3 76. Bd3 a3 77. Ne6 Rxd3 78. Rxd3 a2 79. Rd1 Rb1
80. Rd8+ Kh7 81. Ra8 a1=Q 82. Rxa1 Rxa1 83. Nd4 b4 84. Kf2 Rc1 85. c6 Rxc6 86.
Ke3 b3 0-1

[Event "Al-Ain Classic Open A 2013"]
[Site "Al-Ain UAE"]
[Date "2013.12.19"]
[Round "1.15"]
[White "Kveinys, Aloyzas"]
[Black "Plotkin, Victor"]
[Result "1-0"]
[WhiteTitle "GM"]
[BlackTitle "FM"]
[WhiteElo "2534"]
[BlackElo "2228"]
[WhiteFideId "12800040"]
[BlackFideId "2606674"]
[EventDate "2013.12.19"]

1. d4 Nf6 2. Nf3 e6 3. c4 d5 4. Bg5 Be7 5. e3 Nbd7 6. Nc3 c6 7. Rc1 O-O 8. Bd3
dxc4 9. Bxc4 b5 10. Bd3 a6 11. O-O Bb7 12. Bxf6 Nxf6 13. Ne4 Qd5 14. Nxf6+ Bxf6
15. a3 Rac8 16. Rc5 Qd8 17. Qc2 g6 18. Ne5 Bxe5 19. Rxe5 Qd6 20. Be4 Rc7 21. Rc1
Rfc8 22. Rc5 Qe7 23. Qe2 Qd6 24. R1c3 Re7 25. f4 Rec7 26. Qe1 Qe7 27. Rc2 Qd8
28. Qg3 Kh8 29. h4 Qe7 30. Qh3 Qf8 31. h5 Qh6 32. Qf3 f5 33. Bxc6 Bxc6 34. Rxc6
Rxc6 35. Rxc6 Rxc6 36. Qxc6 Qxh5 37. Qe8+ Kg7 38. Qe7+ Kg8 39. Qxe6+ Kg7 40.
Qe7+ Kg8 41. Qd8+ Kg7 42. Qc7+ Kf8 43. Qc8+ Kf7 44. Qb7+ Kf8 45. Kf2 Qd1 46.
Qxh7 Qd2+ 47. Kf3 Qxb2 48. Qxg6 Qxa3 49. Qxf5+ Ke8 50. d5 Qa1 51. Qe5+ 1-0

[Event "Al-Ain Classic Open A 2013"]
[Site "Al-Ain UAE"]
[Date "2013.12.19"]
[Round "1.16"]
[White "Rasulov, Vugar"]
[Black "Dauletova, Gulmira"]
[Result "1-0"]
[WhiteTitle "GM"]
[BlackTitle "WIM"]
[WhiteElo "2529"]
[BlackElo "2214"]
[WhiteFideId "13402390"]
[BlackFideId "13702971"]
[EventDate "2013.12.19"]

1. e4 c5 2. Nf3 d6 3. d4 cxd4 4. Nxd4 Nf6 5. Nc3 g6 6. Be3 Bg7 7. f3 Nc6 8. Qd2
O-O 9. Bc4 Bd7 10. h4 Rc8 11. Bb3 h5 12. O-O-O Ne5 13. Bg5 Rc5 14. Kb1 b5 15. g4
hxg4 16. h5 Nxh5 17. Nd5 Re8 18. Rxh5 gxh5 19. Qh2 Rxd5 20. Bxd5 Qb6 21. Qxh5 e6
22. Bb3 a5 23. f4 Nc4 24. Bh6 Qd8 25. Bxc4 bxc4 26. e5 f5 27. Bg5 Qb6 28. Bf6
Rb8 29. b3 cxb3 30. axb3 Be8 31. Qg5 Rb7 32. Nxe6 a4 33. Nxg7 axb3 34. Nxf5+ Kf7
35. Nxd6+ Kf8 36. Qh6+ Kg8 37. Qh8# 1-0

[Event "Al-Ain Classic Open A 2013"]
[Site "Al-Ain UAE"]
[Date "2013.12.19"]
[Round "1.17"]
[White "Andrenko, Irina"]
[Black "Batchuluun, Tsegmed"]
[Result "0-1"]
[WhiteTitle "WIM"]
[BlackTitle "GM"]
[WhiteElo "2211"]
[BlackElo "2528"]
[WhiteFideId "14118270"]
[BlackFideId "4900847"]
[EventDate "2013.12.19"]

1. e4 e6 2. d4 d5 3. Nc3 Nf6 4. e5 Nfd7 5. f4 c5 6. Nf3 Nc6 7. Be3 Be7 8. Qd2
O-O 9. Be2 a6 10. dxc5 Bxc5 11. Nd4 Nxd4 12. Bxd4 b5 13. Bf3 b4 14. Ne2 a5 15.
O-O Ba6 16. Rfd1 Bxe2 17. Bxe2 Qb6 18. c3 Rfc8 19. Kh1 Rab8 20. Bd3 g6 21. Qe3
a4 22. Rab1 Qa7 23. f5 Bxd4 24. cxd4 exf5 25. h4 Nf8 26. Bxf5 gxf5 27. Qg5+ Ng6
28. h5 Qe7 29. Qxf5 Qh4+ 30. Kg1 Ne7 31. Qf3 Rc2 32. Rd3 Qe4 33. Qf1 Nf5 34. Re1
Qg4 35. e6 fxe6 36. Rxe6 Nh4 0-1

[Event "Al-Ain Classic Open A 2013"]
[Site "Al-Ain UAE"]
[Date "2013.12.19"]
[Round "1.18"]
[White "Ayyad, Husain"]
[Black "Mirzoev, Azer"]
[Result "0-1"]
[WhiteTitle "FM"]
[BlackTitle "GM"]
[WhiteElo "2191"]
[BlackElo "2518"]
[WhiteFideId "11200243"]
[BlackFideId "13400304"]
[EventDate "2013.12.19"]

1. e4 Nf6 2. e5 Nd5 3. Nc3 c6 4. Qf3 Nb6 5. Qg3 d6 6. Nf3 dxe5 7. Nxe5 N8d7 8.
d4 Nxe5 9. Qxe5 Qd6 10. Bf4 Qxe5+ 11. Bxe5 Bf5 12. O-O-O e6 13. f3 O-O-O 14. a3
h5 15. Bg3 h4 16. Bf2 Bd6 17. Bd3 Bf4+ 18. Kb1 Bxd3 19. Rxd3 Bc7 20. Rdd1 Nc4
21. Ka2 Rh5 22. b3 Nb6 23. Be3 Rdh8 24. Bc1 a6 25. Ne2 Rf5 26. h3 Nd5 27. c4 Ne7
28. Rhe1 Rd8 29. Nc3 Rh5 30. Rd3 Ba5 31. Red1 Rd7 32. Ne4 Bc7 33. Nc3 Nf5 34.
Ne2 Rh8 35. Kb1 Rhd8 36. Kc2 b5 37. Bg5 Re8 38. Nc3 Bb6 39. d5 f6 40. Bc1 bxc4
41. bxc4 cxd5 42. cxd5 e5 43. Re1 Bd4 44. f4 Rc7 45. Kb3 Kd7 46. fxe5 Rb8+ 47.
Kc2 fxe5 48. Kd2 Kd6 49. Ne4+ Kxd5 50. Rf3 Nd6 51. Nc3+ Bxc3+ 52. Rxc3 Ne4+ 53.
Rxe4 Rxc3 54. Kxc3 0-1

[Event "Al-Ain Classic Open A 2013"]
[Site "Al-Ain UAE"]
[Date "2013.12.19"]
[Round "1.19"]
[White "Babujian, Levon"]
[Black "Mukhin, Alexey"]
[Result "1-0"]
[WhiteTitle "GM"]
[WhiteElo "2512"]
[BlackElo "2188"]
[WhiteFideId "13301993"]
[BlackFideId "4180011"]
[EventDate "2013.12.19"]

1. d4 d5 2. c4 e6 3. Nc3 c6 4. e3 f5 5. Nf3 Nd7 6. Bd3 Nh6 7. O-O Bd6 8. b3 O-O
9. Bb2 g5 10. Ne2 Qf6 11. Ng3 g4 12. Nd2 Qg5 13. Qe2 Nf6 14. a4 Rf7 15. f4 Qh4
16. Qe1 Ne4 17. Ba3 Bxa3 18. Rxa3 Qe7 19. Ra2 a5 20. c5 b6 21. cxb6 Ba6 22. Bxa6
Rxa6 23. Ndxe4 fxe4 24. Rc2 Qb7 25. Rc5 Qxb6 26. Qc3 Rb7 27. Rb1 Qb4 28. Rxc6
Qxc3 29. Rxc3 Rab6 30. Kf2 Rb4 31. f5 Nxf5 32. Nxf5 exf5 33. Rc5 Rxb3 34. Rxb3
Rxb3 35. Rxd5 g3+ 36. Kxg3 Rxe3+ 37. Kf4 Rd3 38. Kxf5 e3 39. Kf6 h6 40. Kg6 Kf8
41. Rf5+ Ke7 42. Rxa5 Rxd4 43. Re5+ Kf8 44. g3 Rd6+ 45. Kf5 Ra6 46. Rxe3 Rxa4
47. Kg6 Ra6+ 48. Kh7 Ra2 49. h4 Ra6 50. Rf3+ Ke7 51. Kg7 1-0

[Event "Al-Ain Classic Open A 2013"]
[Site "Al-Ain UAE"]
[Date "2013.12.19"]
[Round "1.20"]
[White "Ayyad, Maher"]
[Black "Golizadeh, Asghar"]
[Result "0-1"]
[WhiteTitle "FM"]
[BlackTitle "GM"]
[WhiteElo "2163"]
[BlackElo "2500"]
[WhiteFideId "11200235"]
[BlackFideId "12505269"]
[EventDate "2013.12.19"]

1. d4 Nf6 2. Nf3 c5 3. c3 b6 4. g3 Bb7 5. Bg2 e6 6. O-O Be7 7. Nbd2 O-O 8. Re1
d5 9. Ne5 Nc6 10. e4 cxd4 11. exd5 Nxe5 12. Rxe5 dxc3 13. bxc3 Bxd5 14. Bxd5
Nxd5 15. Ne4 Rc8 16. Bb2 f5 17. Nd2 Nxc3 18. Qe1 Na4 19. Rxe6 Bb4 0-1

[Event "Al-Ain Classic Open A 2013"]
[Site "Al-Ain UAE"]
[Date "2013.12.19"]
[Round "1.22"]
[White "Gator, Mosab"]
[Black "Pourramezanali, Amirreza"]
[Result "0-1"]
[WhiteTitle "FM"]
[BlackTitle "FM"]
[WhiteElo "2120"]
[BlackElo "2458"]
[WhiteFideId "1312383"]
[BlackFideId "12511412"]
[EventDate "2013.12.19"]

1. e4 e6 2. d4 d5 3. Nc3 Bb4 4. Ne2 dxe4 5. a3 Be7 6. Nxe4 Nf6 7. N2g3 O-O 8. c3
Nbd7 9. Bd3 c5 10. Bc2 Qb6 11. dxc5 Bxc5 12. Nxc5 Qxc5 13. O-O b6 14. Qf3 Ba6
15. Re1 Ne5 16. Rxe5 Qxe5 17. Bf4 Qb5 18. b4 Rad8 19. Re1 Qd5 20. Ne4 Bd3 21.
Nxf6+ gxf6 22. Qg3+ Bg6 23. Bh6 Rfe8 24. Qf4 Qh5 25. Ba4 e5 26. Qc1 Re7 27. c4
Rc7 28. c5 bxc5 29. bxc5 Rd4 30. Bd1 Qf5 31. Be3 Rd8 32. h3 Qb1 33. Be2 Qxc1 34.
Rxc1 Be4 35. Rc4 f5 36. g3 Bd3 37. Bxd3 Rxd3 38. Ra4 Kg7 39. Kf1 h5 40. Ke2 Rb3
41. Kd2 h4 42. Rxh4 Rxa3 43. Rh5 f6 44. Rxf5 Kg6 45. g4 Rh7 46. Rf3 a5 47. Rg3
Ra1 48. h4 Rxh4 49. c6 Rh8 50. Bb6 0-1

[Event "Al-Ain Classic Open A 2013"]
[Site "Al-Ain UAE"]
[Date "2013.12.19"]
[Round "1.23"]
[White "Kurbanov, Charygeldy"]
[Black "Supatashvili, Khvicha"]
[Result "1/2-1/2"]
[BlackTitle "IM"]
[WhiteElo "2104"]
[BlackElo "2455"]
[WhiteFideId "14001152"]
[BlackFideId "13600664"]
[EventDate "2013.12.19"]

1. d4 Nf6 2. c4 e6 3. Nc3 Bb4 4. Qc2 O-O 5. a3 Bxc3+ 6. Qxc3 b6 7. Nf3 Bb7 8. g3
d6 9. Bg2 Nbd7 10. O-O a5 11. b3 Be4 12. Bb2 Qb8 13. Nd2 Bxg2 14. Kxg2 a4 15. b4
d5 16. Rac1 c5 17. dxc5 bxc5 18. bxc5 Rc8 19. Qb4 Rxc5 20. Bxf6 gxf6 21. Qxb8+
Rxb8 22. cxd5 Rxd5 23. Rc2 Kg7 24. Rb1 Rxb1 25. Nxb1 Rb5 26. Nd2 Ne5 27. h3 f5
28. f4 Nd7 29. Kf2 Nc5 30. Rc4 Kf6 31. g4 Ke7 32. gxf5 exf5 33. h4 Kd6 34. e4
fxe4 35. Rd4+ Ke7 36. Nxe4 Ke6 1/2-1/2

[Event "Al-Ain Classic Open A 2013"]
[Site "Al-Ain UAE"]
[Date "2013.12.19"]
[Round "1.24"]
[White "Batjantsan, Purevjal"]
[Black "Drazic, Sinisa"]
[Result "0-1"]
[BlackTitle "GM"]
[WhiteElo "2092"]
[BlackElo "2441"]
[WhiteFideId "4901231"]
[BlackFideId "901172"]
[EventDate "2013.12.19"]

1. e4 Nf6 2. e5 Nd5 3. d4 d6 4. Nf3 Bg4 5. Be2 c6 6. O-O Bxf3 7. Bxf3 dxe5 8.
dxe5 e6 9. c4 Ne7 10. Qxd8+ Kxd8 11. Be4 Nd7 12. f4 Nf5 13. Rd1 Bc5+ 14. Kf1 Ke7
15. Nc3 f6 16. exf6+ Nxf6 17. Bxf5 exf5 18. Re1+ Kf7 19. g3 Rhd8 20. Be3 Bb4 21.
Red1 Bxc3 22. bxc3 Ne4 23. Rac1 b6 24. Ke2 Rxd1 25. Kxd1 c5 26. Kc2 Rd8 27. a4
Nd6 28. Rd1 Ke7 29. Kb3 Nb7 30. Rxd8 Kxd8 31. Kc2 Kc7 32. Kd3 Na5 33. Bf2 h5 34.
Be3 Kb7 35. Bf2 Ka6 36. Be3 Nb7 37. Kc2 Nd6 38. Kb3 Ne4 39. Ka3 Nxc3 40. Kb3 Ne4
41. Bc1 Kb7 42. Bb2 g6 43. Kc2 Ka6 44. Bc1 Nf2 45. Be3 Ng4 46. Bg1 Kb7 47. Kb3
Kc6 48. h3 Nf6 49. Bf2 Ne4 50. Be1 a6 51. Kc2 b5 52. axb5+ axb5 53. cxb5+ Kxb5
54. Kd3 Nd6 55. Bc3 Kc6 56. Bg7 Kd5 57. Ke3 Ne4 58. Kf3 c4 59. g4 c3 60. gxh5
gxh5 61. Ke3 Kc4 62. Be5 0-1

[Event "Al-Ain Classic Open A 2013"]
[Site "Al-Ain UAE"]
[Date "2013.12.19"]
[Round "1.25"]
[White "Arab, Adlane"]
[Black "Laabi Chian, Majid"]
[Result "1-0"]
[WhiteTitle "IM"]
[WhiteElo "2433"]
[BlackElo "2092"]
[WhiteFideId "7900872"]
[BlackFideId "12500224"]
[EventDate "2013.12.19"]

1. d4 d6 2. c4 c6 3. Nc3 e5 4. Nf3 Nd7 5. g3 Be7 6. Bg2 Ngf6 7. Qc2 O-O 8. O-O
Re8 9. Rb1 a5 10. a3 Qc7 11. e4 Nf8 12. h3 h6 13. Be3 g5 14. dxe5 dxe5 15. Na4
N6d7 16. c5 Ne6 17. Rfd1 Bf8 18. b4 axb4 19. axb4 Bg7 20. Nb2 Ndf8 21. Nc4 Ng6
22. Nd6 Rf8 23. Nf5 Nd8 24. Nd2 Be6 25. Nc4 Ne7 26. Nxg7 Kxg7 27. Nxe5 f6 28.
Nc4 Ng6 29. Nd6 Nf7 30. Kh2 Rfd8 31. Nxf7 Kxf7 32. Bd4 Qe7 33. Qc3 h5 34. Rd3
Ne5 35. Bxe5 Rxd3 36. Qxd3 fxe5 37. Rf1 Rd8 38. Qe3 Rd4 39. f4 gxf4 40. gxf4
Rxb4 41. f5 Bc4 42. f6 Qf8 43. Rf5 Rb3 44. Qc1 Be2 45. Rxe5 Qg8 46. Qf4 1-0